Field Study 4: (Record no. 14014)
[ view plain ]
| 000 -LEADER | |
|---|---|
| fixed length control field | 00517nam a22001697a 4500 |
| 003 - CONTROL NUMBER IDENTIFIER | |
| control field | OST |
| 005 - DATE AND TIME OF LATEST TRANSACTION | |
| control field | 20150827083747.0 |
| 008 - FIXED-LENGTH DATA ELEMENTS--GENERAL INFORMATION | |
| fixed length control field | 130810t xxu||||| |||| 00| 0 eng d |
| 020 ## - INTERNATIONAL STANDARD BOOK NUMBER | |
| International Standard Book Number | 9789715846462 |
| 050 ## - LIBRARY OF CONGRESS CALL NUMBER | |
| Classification number | LB 2157 |
| Item number | .R333 2007 |
| 100 ## - MAIN ENTRY--PERSONAL NAME | |
| Personal name | Reganit, Arnulfo Aaron R. |
| 245 ## - TITLE STATEMENT | |
| Title | Field Study 4: |
| Statement of responsibility, etc | Arnulfo Aaron R. Reganit, Renato L. Gavino L. |
| Remainder of title | Exploring the curriculum / |
| 260 ## - PUBLICATION, DISTRIBUTION, ETC. (IMPRINT) | |
| Place of publication, distribution, etc | QUEZON CITY |
| Name of publisher, distributor, etc | C & E PUBLISHING CO. |
| Date of publication, distribution, etc | 2007 |
| 300 ## - PHYSICAL DESCRIPTION | |
| Extent | xi, 32 pages : |
| Dimensions | 26 cm. |
| 942 ## - ADDED ENTRY ELEMENTS (KOHA) | |
| Source of classification or shelving scheme | Library of Congress Classification |
| Koha item type | Books |
| Call number prefix | Local |
| Withdrawn status | Lost status | Source of classification or shelving scheme | Damaged status | Home library | Current library | Shelving location | Date acquired | Total Checkouts | Full call number | Barcode | Date last seen | Copy number | Price effective from | Koha item type | Source of acquisition |
|---|---|---|---|---|---|---|---|---|---|---|---|---|---|---|---|
| Library of Congress Classification | College Library | College Library | Filipiniana Section | 08/27/2015 | LB 2157 .R333 2007 | C19832 | 05/08/2018 | 08/27/2015 | Books | Library Fund | |||||
| Library of Congress Classification | South SEED-LPDH College Library | South SEED-LPDH College Library | South SEED-LPDH College Section | 08/10/2013 | LB 2157 .R333 2007 | SSLC0668 | 05/15/2018 | 1 | 08/10/2013 | Books |